000 00547na a2200205 4500
001 14817
003 MIRAKIL
005 20181213154937.0
008 160901b tu 000 0
035 _a14817
040 _aMilas
_btur
_cTR-AnCHP
082 _aATA 923.156
_bS26 2009
090 _aATA 923.156 S26 2007
245 _aSarışın bir kurt
250 _a2. bs.
260 _aİstanbul
_bKırmızı yayınları
_c2009
300 _a382 s.
_bfotg.
_c31 sm.
600 _aAtatürk, Mustafa Kemal
_d1881-1938
_xAlbümler
942 _2ddc
_cBKS
999 _c3631
_d3631